| 000 | 00351nam a22001217a 4500 | ||
|---|---|---|---|
| 999 |
_c10283 _d10283 |
||
| 003 | OSt | ||
| 008 | 201218b ||||| |||| 00| 0 eng d | ||
| 245 | _aHarvard Business Review | ||
| 250 | _a2017(Jan-Feb, Mar-Apr, May-Jun) | ||
| 260 |
_aNewcastle Gatehead, U.K. _bHarvard Business School Publication Pvt. Ltd. |
||
| 650 | _aManagement | ||
| 942 |
_2ddc _cBV |
||